000
00301nam a22001337a 4500
020
_a
81-224-0516-9
041
_a
ENG
100
_a
Likhi.S.K
245
_a
Hydrulics Laboratory Manual
260
_a
New Delhi
_b
Wiley Eastern Limited
_c
1995
300
_a
95
650
_a
IDE ( 05 )
856
_u
IDE ( 05 )
999
_c
2794
_d
2794